American Football Positions - Sudden Death - Statistics

General Stats
  • This quiz has been taken 165 times
  • The average score is 10 of 11
Answers on the Grid
Answers color-coded by a green-red scale on the quiz's grid according to % correct below.
Blocking Back
Center Guard
Drop Snapper
Free Safety
Fullback
Kicker
Left Tackle
Linebacker
Long Snapper
Point Guard
Quarterback
Right Guard
Running Back
Short Side Receiver
Strong Safety
Wide Receiver
 
Answer Stats
Answer % Correct
Quarterback
93%
Kicker
92%
Running Back
92%
Linebacker
91%
Wide Receiver
91%
Fullback
89%
Left Tackle
87%
Free Safety
84%
Long Snapper
82%
Strong Safety
82%
Right Guard
76%
No matching quizzes found
Score Distribution
Percent of People with Each Score
Percentile by Number Answered
Your Score History
You have not taken this quiz